Ricostruisci la Carriera del Calciatore - Manolo Gabbiadini - Statistics

Statistiche generali
  • Questo quiz è stato fatto 8 volte
  • Il punteggio medio è 4 su 9
Statistiche sulle risposte
Hint Risposta % Corretto
2010-2011 Cittadella
80%
2023- Al-Nasr
60%
2017-2019 Southampton
60%
2012-2013 Bologna
40%
2015-2017 Napoli
40%
2019-2023 Sampdoria
40%
2009-2010 Atalanta
20%
2011-2012 Atalanta
20%
2013-2015 Sampdoria
20%
Nessun quiz corrispondente trovato
Distribuzione punteggi
Percentuale di utenti per punteggio
Percentile per numero di risposta
I tuoi punteggi nel tempo
Non hai fatto questo quiz